[Event "Matinhos Caioba op 9th"]
[Site "Matinhos"]
[Date "2025.07.02"]
[Round "5"]
[White "Pinero Rodriguez, Carlos Jose"]
[Black "Lima, Kleyton Alcantara"]
[Result "1-0"]
[WhiteElo "2290"]
[BlackElo "2118"]
[PlyCount "75"]
[EventDate "2025.06.29"]
[EventType "swiss"]
[EventRounds "9"]
[EventCountry "BRA"]
[SourceTitle "CB28_2025"]
[SourceDate "2025.07.09"]
[SourceVersion "1"]
[SourceVersionDate "2025.07.09"]
[SourceQuality "1"]

1. d4 Nf6 2. c4 e6 3. Nf3 Bb4+ 4. Bd2 a5 5. a3 Bxd2+ 6. Qxd2 b6 7. Nc3 Bb7 8. Qc2 d6 9. e4 Nbd7 10. g3 0-0 11. Bg2 a4 12. 0-0-0 Qe7 13. Nh4 e5 14. Nf5 Qe8 15. Nxa4 Bxe4 16. Bxe4 Nxe4 17. b3 Nef6 18. Rhe1 Qb8 19. dxe5 Nxe5 20. f4 Ng6 21. Nd4 Qb7 22. Kb2 Rae8 23. Nc3 Rxe1 24. Rxe1 Re8 25. Rxe8+ Nxe8 26. Nd5 Kf8 27. b4 b5 28. h4 c6 29. h5 Ne5 30. fxe5 dxe5 31. Qxh7 cxd5 32. Nf5 f6 33. Qh8+ Kf7 34. Qxe8+ Kxe8 35. Nd6+ Ke7 36. Nxb7 dxc4 37. Nc5 f5 38. Kc3 1-0

[Event "Araguari op"]
[Site "Araguari"]
[Date "2025.06.07"]
[Round "5"]
[White "De Carvalho Machado, Fernando"]
[Black "Lima, Kleyton Alcantara"]
[Result "1/2-1/2"]
[WhiteElo "1872"]
[BlackElo "2118"]
[PlyCount "66"]
[EventDate "2025.06.05"]
[EventType "swiss"]
[EventRounds "7"]
[EventCountry "BRA"]
[SourceTitle "CB26_2025"]
[SourceDate "2025.06.25"]
[SourceVersion "1"]
[SourceVersionDate "2025.06.25"]
[SourceQuality "1"]

1. d4 Nf6 2. c4 e6 3. Nc3 Bb4 4. f3 c5 5. a3 Bxc3+ 6. bxc3 b6 7. e4 Nc6 8. Be3 d6 9. Bd3 0-0 10. Nh3 Ba6 11. 0-0 Na5 12. Qe2 Nd7 13. f4 cxd4 14. cxd4 Rc8 15. Rac1 e5 16. Rc2 Qe7 17. Ng5 Rc7 18. Nf3 Rfc8 19. Re1 Nb3 20. Rb1 Na5 21. Rbc1 Qe8 22. Nd2 Nb8 23. fxe5 dxe5 24. dxe5 Qxe5 25. Nf3 Qe7 26. e5 Nd7 27. Bd4 Nf8 28. Bb2 Nb3 29. Re1 Nc5 30. Bf5 Nce6 31. Rec1 Qc5+ 32. Kh1 Bxc4 33. Rxc4 Qb5 1/2-1/2

[Event "Araguari op"]
[Site "Araguari"]
[Date "2025.06.05"]
[Round "1"]
[White "Pereira Fo, Hildebrando Apolon"]
[Black "Lima, Kleyton Alcantara"]
[Result "0-1"]
[WhiteElo "1620"]
[BlackElo "2118"]
[PlyCount "86"]
[EventDate "2025.06.05"]
[EventType "swiss"]
[EventRounds "7"]
[EventCountry "BRA"]
[SourceTitle "CB26_2025"]
[SourceDate "2025.06.25"]
[SourceVersion "1"]
[SourceVersionDate "2025.06.25"]
[SourceQuality "1"]

1. c4 c5 2. g3 Nf6 3. Bg2 d5 4. cxd5 Nxd5 5. Nc3 Nc7 6. Nf3 Nc6 7. 0-0 e5 8. d3 Be7 9. Ne4 0-0 10. Bg5 f6 11. Be3 b6 12. Nfd2 Nd5 13. Qb3 Be6 14. Nc3 Nf4 15. Qb5 Nxg2 16. Qxc6 Bh3 17. Rfd1 Kh8 18. Nf3 Nxe3 19. fxe3 Rc8 20. Qa4 Rc7 21. e4 Be6 22. Kg2 Qa8 23. Qc2 c4 24. d4 exd4 25. Nxd4 Bf7 26. e3 Re8 27. Qe2 Rc5 28. Qf3 Bh5 29. Qf2 Bxd1 30. Rxd1 Re5 31. Qf3 a6 32. Nd5 Bd8 33. Nc3 Be7 34. Nf5 Bd8 35. Qf4 Qb8 36. Qg4 Qa7 37. Nd6 Rf8 38. Nf5 g6 39. Nd4 f5 40. Qh3 Rxe4 41. Nc6 Qb7 42. Nxd8 Rxd8 43. Qh6 Re5+ 0-1

[Event "Titled Tuesday intern op 28th Jan Early"]
[Site "Chess.com INT"]
[Date "2025.01.28"]
[Round "1"]
[White "Rustemov, Alexander"]
[Black "Lima, Kleyton Alcantara"]
[Result "1-0"]
[WhiteElo "2525"]
[BlackElo "2068"]
[PlyCount "109"]
[EventDate "2025.01.28"]
[EventType "swiss (blitz)"]
[EventRounds "11"]
[EventCountry "USA"]
[SourceTitle "CB06_2025"]
[SourceDate "2025.02.05"]
[SourceVersion "1"]
[SourceVersionDate "2025.02.05"]
[SourceQuality "1"]

1. d4 Nf6 2. c4 g6 3. Nf3 Bg7 4. g3 c6 5. Bg2 d5 6. Nbd2 0-0 7. 0-0 a5 8. b3 a4 9. Bb2 a3 10. Bc3 Bf5 11. Nh4 Be6 12. Rc1 Qd7 13. e4 dxe4 14. Nxe4 Bh3 15. Nc5 Qc8 16. Bxh3 Qxh3 17. Nxb7 Nbd7 18. Qf3 e5 19. dxe5 Ng4 20. Qg2 Qxg2+ 21. Kxg2 Ngxe5 22. Rfd1 Rfb8 23. Nd6 Nc5 24. h3 Rd8 25. Bxe5 Bxe5 26. b4 Bxd6 27. bxc5 Bxc5 28. Nf3 Rxd1 29. Rxd1 Rb8 30. Ne5 Rb2 31. Nd3 Rxa2 32. Nxc5 Rc2 33. Rd8+ Kg7 34. Ra8 Rxc4 35. Nb7 Rc3 36. Nd6 Rd3 37. Ne8+ Kh6 38. Nf6 Kg7 39. Ne4 f5 40. Ng5 h6 41. Nf3 c5 42. Ra7+ Kf6 43. Ra6+ Kg7 44. Ne5 Rc3 45. Rxg6+ Kh7 46. Ra6 c4 47. Ra7+ Kg8 48. g4 f4 49. h4 f3+ 50. Kg3 Kf8 51. h5 Kg8 52. g5 hxg5 53. h6 Rc1 54. h7+ Kh8 55. Ng6# 1-0

[Event "Brasilia op"]
[Site "Brasilia"]
[Date "2025.01.11"]
[Round "7"]
[White "Da Silva, Fabio Campos"]
[Black "Lima, Kleyton Alcantara"]
[Result "0-1"]
[WhiteElo "1901"]
[BlackElo "2068"]
[PlyCount "33"]
[EventDate "2025.01.07"]
[EventType "swiss"]
[EventRounds "9"]
[EventCountry "BRA"]
[SourceTitle "CB12_2025"]
[SourceDate "2025.03.19"]
[SourceVersion "1"]
[SourceVersionDate "2025.03.19"]
[SourceQuality "1"]

1. d4 Nf6 2. c4 e6 3. g3 Bb4+ 4. Nd2 d5 5. Ngf3 0-0 6. Qc2 b6 7. Bg2 Bb7 8. 0-0 Nbd7 9. b3 Rc8 10. Bb2 c5 11. a3 Bxd2 12. Qxd2 dxc4 13. bxc4 Bxf3 14. Bxf3 Ne5 15. Bd5 cxd4 16. Qxd4 exd5 17. Qxd5 0-1

[Event "Brasilia op"]
[Site "Brasilia"]
[Date "2025.01.07"]
[Round "1"]
[White "Pessoa Junior, Vicente"]
[Black "Lima, Kleyton Alcantara"]
[Result "0-1"]
[WhiteElo "1654"]
[BlackElo "2068"]
[PlyCount "44"]
[EventDate "2025.01.07"]
[EventType "swiss"]
[EventRounds "9"]
[EventCountry "BRA"]
[SourceTitle "CB12_2025"]
[SourceDate "2025.03.19"]
[SourceVersion "1"]
[SourceVersionDate "2025.03.19"]
[SourceQuality "1"]

1. d4 Nf6 2. c4 e6 3. Nf3 Bb4+ 4. Bd2 a5 5. g3 0-0 6. Bg2 d5 7. 0-0 dxc4 8. Qc2 b5 9. Ne5 Ra6 10. e3 Nfd7 11. Nc3 c6 12. a3 Be7 13. f4 Qb6 14. Ne2 Bb7 15. Rf2 a4 16. e4 c5 17. Be3 cxd4 18. Bxd4 Nc5 19. Nc3 Rd8 20. Rd1 f6 21. Nf3 Nc6 22. Be3 Rd3 0-1

[Event "Florianopolis Winter op 8th"]
[Site "Florianopolis"]
[Date "2024.07.12"]
[Round "6"]
[White "Lima, Kleyton Alcantara"]
[Black "Terao, Juliana Sayumi"]
[Result "0-1"]
[WhiteElo "2059"]
[BlackElo "2198"]
[PlyCount "48"]
[EventDate "2024.07.09"]
[EventType "swiss"]
[EventRounds "9"]
[EventCountry "BRA"]
[SourceTitle "CBM 221 Extra"]
[Source "ChessBase"]
[SourceDate "2024.09.30"]
[SourceVersion "1"]
[SourceVersionDate "2024.09.30"]
[SourceQuality "1"]

1. d4 Nf6 2. c4 e6 3. g3 Be7 4. Bg2 d5 5. Nf3 0-0 6. 0-0 dxc4 7. Qc2 a6 8. Qxc4 b5 9. Qc2 Bb7 10. Bf4 Nc6 11. Nbd2 Rc8 12. Nb3 Nb4 13. Qc1 Bd5 14. Nfd2 Bxg2 15. Kxg2 c5 16. dxc5 a5 17. a4 g5 18. Be3 Ng4 19. axb5 Qd5+ 20. Kg1 Nxe3 21. fxe3 Bxc5 22. Nxc5 Rxc5 23. Qd1 Nc2 24. Rc1 Nxe3 0-1

[Event "Titled Tuesday intern op 27th Feb Early"]
[Site "Chess.com INT"]
[Date "2024.02.27"]
[Round "1"]
[White "Lima, Kleyton Alcantara"]
[Black "Thake, Conrad"]
[Result "1-0"]
[WhiteElo "2083"]
[BlackElo "1745"]
[PlyCount "109"]
[EventDate "2024.02.27"]
[EventType "swiss (blitz)"]
[EventRounds "11"]
[EventCountry "USA"]
[SourceTitle "EXT 2025"]
[Source "ChessBase"]
[SourceDate "2024.10.14"]
[SourceVersion "1"]
[SourceVersionDate "2024.10.14"]
[SourceQuality "1"]

1. d4 e6 2. c4 c5 3. Nf3 d6 4. g3 g6 5. Nc3 cxd4 6. Qxd4 Qf6 7. Qxf6 Nxf6 8. Nb5 Na6 9. Bf4 e5 10. Bg5 Be7 11. Bxf6 Bxf6 12. Nxd6+ Ke7 13. Ne4 Nb4 14. 0-0-0 Bf5 15. Nc3 Be6 16. a3 Nc6 17. Bg2 Rad8 18. e3 a6 19. Nd2 Rd7 20. Bxc6 bxc6 21. b3 Rhd8 22. Nde4 Rxd1+ 23. Rxd1 Rxd1+ 24. Kxd1 Bg7 25. Kd2 f5 26. Nc5 Bc8 27. N3a4 Kd6 28. b4 g5 29. Nb6 Be6 30. Nxa6 f4 31. Nc5 fxg3 32. fxg3 Bf5 33. a4 Kc7 34. a5 h5 35. Nba4 h4 36. Nc3 hxg3 37. hxg3 Bf8 38. N3e4 Be7 39. b5 cxb5 40. cxb5 Bc8 41. Kc3 g4 42. Kc4 Bf5 43. a6 Kb6 44. Na4+ Ka7 45. Nec5 Bg5 46. b6+ Kb8 47. Kd5 Bxe3 48. Kc6 Bc8 49. Nd7+ Bxd7+ 50. Kxd7 e4 51. Kc6 Bf2 52. a7+ Ka8 53. Nc3 e3 54. Nb5 e2 55. Nc7# 1-0

[Event "Titled Tuesday intern op 30th Jan Late"]
[Site "Chess.com INT"]
[Date "2024.01.30"]
[Round "7"]
[White "Lima, Kleyton Alcantara"]
[Black "Ibarra Jerez, Jose Carlos"]
[Result "0-1"]
[WhiteElo "2083"]
[BlackElo "2559"]
[PlyCount "138"]
[EventDate "2024.01.30"]
[EventType "swiss (blitz)"]
[EventRounds "11"]
[EventCountry "USA"]
[SourceTitle "EXT 2025"]
[Source "ChessBase"]
[SourceDate "2024.10.14"]
[SourceVersion "1"]
[SourceVersionDate "2024.10.14"]
[SourceQuality "1"]

1. e4 c5 2. Nf3 e6 3. d4 cxd4 4. Nxd4 Bc5 5. Nb3 Bb6 6. Nc3 Ne7 7. Bd3 0-0 8. Qe2 f5 9. Be3 f4 10. Bxb6 Qxb6 11. f3 Nbc6 12. Qf2 Qc7 13. 0-0 a6 14. a4 b6 15. Rfd1 Ng6 16. Bf1 Rf6 17. a5 Nxa5 18. Nxa5 bxa5 19. Qd4 Ne5 20. Qd6 Qxd6 21. Rxd6 Nc6 22. Na4 Rb8 23. b3 Kf8 24. Nc5 Ke7 25. Rad1 e5 26. Rxf6 gxf6 27. Bxa6 d6 28. Bxc8 Rxc8 29. Na4 Nd4 30. Nb6 Rxc2 31. Nd5+ Kf7 32. b4 axb4 33. Nxb4 Rb2 34. Nd5 f5 35. Ra1 fxe4 36. fxe4 f3 37. Ra7+ Kg6 38. Ne7+ Kg5 39. gxf3 Nxf3+ 40. Kf1 Nxh2+ 41. Ke1 Nf3+ 42. Kd1 h5 43. Nf5 d5 44. Ng3 h4 45. Rg7+ Kf4 46. Ne2+ Ke3 47. Nc3 d4 48. Nd5+ Kxe4 49. Nf6+ Kd3 50. Kc1 Rc2+ 51. Kb1 Rc6 52. Nh5 Nd2+ 53. Ka2 Ra6+ 54. Kb2 Rb6+ 55. Ka3 Rh6 56. Nf6 Rxf6 57. Rh7 Rf4 58. Rh5 e4 59. Kb2 e3 60. Kc1 Rf1+ 61. Kb2 Nc4+ 62. Kb3 Rb1+ 63. Ka2 Rb2+ 64. Ka1 Rh2 65. Rg5 e2 66. Rg1 Rf2 67. Ka2 e1Q+ 68. Kb3 Qc3+ 69. Ka4 Qa5+ 0-1

[Event "Titled Tuesday intern op 30th Jan Late"]
[Site "Chess.com INT"]
[Date "2024.01.30"]
[Round "2"]
[White "Lima, Kleyton Alcantara"]
[Black "Seo, Jung Min"]
[Result "0-1"]
[WhiteElo "2083"]
[BlackElo "2466"]
[PlyCount "156"]
[EventDate "2024.01.30"]
[EventType "swiss (blitz)"]
[EventRounds "11"]
[EventCountry "USA"]
[SourceTitle "EXT 2025"]
[Source "ChessBase"]
[SourceDate "2024.10.14"]
[SourceVersion "1"]
[SourceVersionDate "2024.10.14"]
[SourceQuality "1"]

1. e4 c5 2. Nf3 d6 3. d4 cxd4 4. Nxd4 Nf6 5. Nc3 a6 6. Bg5 Nbd7 7. Bc4 Qb6 8. Bb3 e6 9. Bxf6 Nxf6 10. Qd2 Bd7 11. 0-0-0 0-0-0 12. f4 Qc7 13. Kb1 Be7 14. f5 e5 15. Nf3 Bc6 16. Ng5 d5 17. Nxf7 dxe4 18. Nxd8 Rxd8 19. Qe2 Rd4 20. Rhe1 Bb4 21. a3 Ba5 22. g4 h6 23. h4 Qe7 24. g5 hxg5 25. hxg5 Nd7 26. Qh5 Kc7 27. Be6 Bxc3 28. bxc3 Rxd1+ 29. Rxd1 e3 30. Bxd7 Bxd7 31. Rd3 Bxf5 32. Rxe3 Qxa3 33. Qe2 Qb3+ 34. Kc1 Qa3+ 35. Kd2 Qd6+ 36. Ke1 e4 37. Qc4+ Kb8 38. Qd4 Qf4 39. Qd8+ Ka7 40. Qd4+ Kb8 41. Qd8+ Bc8 42. Qd4 Qxg5 43. Qxe4 Qg1+ 44. Kd2 Qf2+ 45. Kc1 Qf1+ 46. Kb2 Qb5+ 47. Qb4 Qc6 48. Rd3 g5 49. Qd6+ Qxd6 50. Rxd6 g4 51. Rg6 Kc7 52. c4 Bf5 53. Rf6 Bd7 54. Rg6 Bf5 55. Rg5 Bd7 56. Kc3 Kd6 57. Kd4 b6 58. Rg6+ Kc7 59. Kd5 a5 60. c5 bxc5 61. Kxc5 a4 62. Kb4 Kd8 63. c4 Ke7 64. Kc5 Kf7 65. Rg5 a3 66. Kd6 a2 67. Ra5 Be6 68. Ra7+ Kf6 69. Rxa2 Bxc4 70. Rf2+ Kg5 71. Ke5 g3 72. Rg2 Kg4 73. Ke4 Ba6 74. Ke3 Bb7 75. Rg1 Kh3 76. Ke2 Kh2 77. Kf1 Ba6+ 78. Ke1 Kxg1 0-1

[Event "Titled Tuesday intern op 02nd Jan Early"]
[Site "Chess.com INT"]
[Date "2024.01.02"]
[Round "4"]
[White "Fedoseev, Vladimir1"]
[Black "Lima, Kleyton Alcantara"]
[Result "1-0"]
[WhiteElo "2690"]
[BlackElo "2119"]
[PlyCount "57"]
[EventDate "2024.01.02"]
[EventType "swiss (blitz)"]
[EventRounds "11"]
[EventCountry "USA"]
[SourceTitle "EXT 2025"]
[Source "ChessBase"]
[SourceDate "2024.10.14"]
[SourceVersion "1"]
[SourceVersionDate "2024.10.14"]
[SourceQuality "1"]

1. Nf3 c5 2. e3 Nf6 3. b3 g6 4. Bb2 Bg7 5. c4 0-0 6. Be2 b6 7. d4 d6 8. d5 Bg4 9. Nbd2 Nbd7 10. 0-0 a6 11. a4 Re8 12. h3 Bxf3 13. Nxf3 Nf8 14. Qc2 e5 15. dxe6 Nxe6 16. Rfd1 Qc7 17. Nh2 Rad8 18. a5 d5 19. axb6 Qxb6 20. cxd5 Nxd5 21. Bxg7 Kxg7 22. Qb2+ Kg8 23. Ng4 h5 24. Nh6+ Kh7 25. Nxf7 Rd7 26. Rxa6 Qb8 27. Rxe6 Rxf7 28. Rxe8 Qxe8 29. Rxd5 1-0

[Event "Titled Tuesday intern op 26th Dec Late"]
[Site "Chess.com INT"]
[Date "2023.12.26"]
[Round "6"]
[White "Lima, Kleyton Alcantara"]
[Black "Alvarado, Carlos"]
[Result "1-0"]
[WhiteElo "2119"]
[BlackElo "2108"]
[PlyCount "47"]
[EventDate "2023.12.26"]
[EventType "swiss (blitz)"]
[EventRounds "11"]
[EventCountry "USA"]
[SourceTitle "EXT 2025"]
[Source "ChessBase"]
[SourceDate "2024.10.14"]
[SourceVersion "1"]
[SourceVersionDate "2024.10.14"]
[SourceQuality "1"]

1. e4 c6 2. d4 d5 3. e5 Bf5 4. h4 h6 5. g4 Be4 6. f3 Bh7 7. e6 Nf6 8. exf7+ Kxf7 9. Bd3 Bxd3 10. Qxd3 Qd6 11. f4 Nxg4 12. h5 Qe6+ 13. Ne2 Qe4 14. Qh3 Nf6 15. Nbc3 Qxc2 16. Qc8 Na6 17. Qxa8 Nb4 18. Qxb7 Nd3+ 19. Kf1 Ng4 20. Qxc6 e6 21. Rg1 Nf6 22. Be3 Nxb2 23. Rc1 Qf5 24. Nb5 1-0

[Event "Titled Tuesday intern op 26th Dec Early"]
[Site "Chess.com INT"]
[Date "2023.12.26"]
[Round "2"]
[White "Lima, Kleyton Alcantara"]
[Black "Samunenkov, Igor"]
[Result "1-0"]
[WhiteElo "2119"]
[BlackElo "2530"]
[PlyCount "67"]
[EventDate "2023.12.26"]
[EventType "swiss (blitz)"]
[EventRounds "11"]
[EventCountry "USA"]
[SourceTitle "EXT 2025"]
[Source "ChessBase"]
[SourceDate "2024.10.14"]
[SourceVersion "1"]
[SourceVersionDate "2024.10.14"]
[SourceQuality "1"]

1. e4 c6 2. d4 d5 3. e5 Bf5 4. h4 h5 5. Bd3 Bxd3 6. Qxd3 Qa5+ 7. Nd2 e6 8. Ngf3 Nh6 9. 0-0 Nf5 10. Nb3 Qb5 11. Qd1 c5 12. a4 Qb6 13. dxc5 Bxc5 14. Nxc5 Qxc5 15. c3 Nc6 16. Re1 Rc8 17. Bg5 0-0 18. Nd2 d4 19. Ne4 Qd5 20. Qxh5 Nxe5 21. g4 f6 22. gxf5 exf5 23. Bxf6 gxf6 24. Qxf5 Rc7 25. Kh2 Rg7 26. f3 dxc3 27. bxc3 Qd3 28. Rf1 Qe2+ 29. Rf2 Qa6 30. Rd1 Qc6 31. Rd6 Qc7 32. Nxf6+ Rxf6 33. Qxf6 Rg6 34. Rd8+ 1-0

[Event "Titled Tuesday intern op 26th Dec Late"]
[Site "Chess.com INT"]
[Date "2023.12.26"]
[Round "4"]
[White "Lima, Kleyton Alcantara"]
[Black "Ward, Ieuan C"]
[Result "1-0"]
[WhiteElo "2119"]
[BlackElo "2028"]
[PlyCount "73"]
[EventDate "2023.12.26"]
[EventType "swiss (blitz)"]
[EventRounds "11"]
[EventCountry "USA"]
[SourceTitle "EXT 2025"]
[Source "ChessBase"]
[SourceDate "2024.10.14"]
[SourceVersion "1"]
[SourceVersionDate "2024.10.14"]
[SourceQuality "1"]

1. e4 c5 2. Nf3 d6 3. d4 cxd4 4. Nxd4 Nf6 5. Nc3 a6 6. Bg5 e6 7. f4 Be7 8. Qf3 Nbd7 9. 0-0-0 Qc7 10. g4 b5 11. Bxf6 Nxf6 12. g5 Nd7 13. f5 Bxg5+ 14. Kb1 Ne5 15. Qh5 Bf6 16. fxe6 0-0 17. Nd5 Qd8 18. Bh3 Bxe6 19. Bxe6 fxe6 20. Nxe6 Qe8 21. Qxe8 Rfxe8 22. Nxf6+ gxf6 23. Nc7 Nc4 24. Nxa8 Rxa8 25. b3 Na3+ 26. Kb2 b4 27. c4 Re8 28. Rhe1 a5 29. Rxd6 f5 30. e5 a4 31. e6 axb3 32. axb3 Kg7 33. Rd7+ Kf6 34. Rxh7 Rg8 35. Re2 Rg1 36. e7 Rb1+ 37. Ka2 1-0

[Event "Titled Tuesday intern op 14th Nov Late"]
[Site "Chess.com INT"]
[Date "2023.11.14"]
[Round "2"]
[White "Lima, Kleyton Alcantara"]
[Black "Bortnyk, Mykola"]
[Result "0-1"]
[WhiteElo "2108"]
[BlackElo "2414"]
[PlyCount "66"]
[EventDate "2023.11.14"]
[EventType "swiss (blitz)"]
[EventRounds "11"]
[EventCountry "USA"]
[SourceTitle "EXT 2025"]
[Source "ChessBase"]
[SourceDate "2024.10.14"]
[SourceVersion "1"]
[SourceVersionDate "2024.10.14"]
[SourceQuality "1"]

1. e4 Nf6 2. e5 Nd5 3. d4 d6 4. Nf3 dxe5 5. Nxe5 c6 6. Nf3 Bg4 7. Be2 e6 8. c4 Nf6 9. 0-0 Bd6 10. Be3 Nbd7 11. Nc3 0-0 12. Qd2 Qc7 13. h3 Bh5 14. Rad1 Rad8 15. Rfe1 Rfe8 16. a3 Qb8 17. b4 e5 18. dxe5 Nxe5 19. Nxe5 Bxe5 20. Qc1 Bg6 21. Bf3 h6 22. b5 Qc7 23. bxc6 bxc6 24. Na4 Be4 25. Bxe4 Nxe4 26. Nc5 Rxd1 27. Rxd1 Nc3 28. Rd2 Qa5 29. Nb3 Qa4 30. Nc5 Qxc4 31. Kh1 Rb8 32. Rb2 Rxb2 33. Qxb2 Qf1# 0-1

[Event "Titled Tuesday intern op 14th Nov Late"]
[Site "Chess.com INT"]
[Date "2023.11.14"]
[Round "7"]
[White "Lima, Kleyton Alcantara"]
[Black "Esquivel Golcher, Luis Enrique"]
[Result "0-1"]
[WhiteElo "2108"]
[BlackElo "2108"]
[PlyCount "85"]
[EventDate "2023.11.14"]
[EventType "swiss (blitz)"]
[EventRounds "11"]
[EventCountry "USA"]
[SourceTitle "EXT 2025"]
[Source "ChessBase"]
[SourceDate "2024.10.14"]
[SourceVersion "1"]
[SourceVersionDate "2024.10.14"]
[SourceQuality "1"]

1. e4 e6 2. d4 d5 3. Nc3 Nf6 4. e5 Nfd7 5. f4 c5 6. Nf3 Nc6 7. Be3 a6 8. a3 b5 9. dxc5 Bxc5 10. Bxc5 Nxc5 11. b4 Nd7 12. Bd3 Qb6 13. Qd2 f6 14. exf6 Nxf6 15. Qf2 Qxf2+ 16. Kxf2 Ng4+ 17. Ke2 0-0 18. h3 Nf6 19. g3 Bb7 20. Rhe1 e5 21. fxe5 Rae8 22. Kd2 Nh5 23. Ng5 Nxe5 24. Bxh7+ Kh8 25. Rf1 Rf6 26. Bd3 Nxg3 27. Rg1 Ne4+ 28. Bxe4 dxe4 29. Raf1 e3+ 30. Kc1 Rc8 31. Nce4 Rxf1+ 32. Rxf1 Bxe4 33. Nxe4 e2 34. Re1 Nd3+ 35. Kd2 Nxe1 36. Kxe1 Rxc2 37. Nc5 a5 38. Nb7 axb4 39. axb4 Rb2 40. Nd6 Rxb4 41. Kxe2 Rd4 42. Nf5 Re4+ 43. Kf3 0-1

[Event "Titled Tuesday intern op 14th Nov Late"]
[Site "Chess.com INT"]
[Date "2023.11.14"]
[Round "3"]
[White "Miszler, Levente"]
[Black "Lima, Kleyton Alcantara"]
[Result "0-1"]
[WhiteElo "2290"]
[BlackElo "2108"]
[PlyCount "66"]
[EventDate "2023.11.14"]
[EventType "swiss (blitz)"]
[EventRounds "11"]
[EventCountry "USA"]
[SourceTitle "EXT 2025"]
[Source "ChessBase"]
[SourceDate "2024.10.14"]
[SourceVersion "1"]
[SourceVersionDate "2024.10.14"]
[SourceQuality "1"]

1. Nf3 c5 2. c4 Nc6 3. g3 g6 4. Bg2 Bg7 5. Nc3 e5 6. 0-0 Nge7 7. Ne1 0-0 8. Nc2 d6 9. Ne3 f5 10. Ned5 Be6 11. d3 Qd7 12. a3 a5 13. Rb1 f4 14. b4 axb4 15. axb4 Nd4 16. Nb6 Qd8 17. Nxa8 Qxa8 18. bxc5 dxc5 19. Bxb7 Qa5 20. Bd2 Bh3 21. Bg2 Bxg2 22. Kxg2 Qd8 23. f3 Nef5 24. Ne4 h5 25. Rb7 g5 26. Nxc5 Qc8 27. Rxg7+ Kxg7 28. Ne4 Kh8 29. Nxg5 Rg8 30. Nf7+ Kh7 31. Nxe5 fxg3 32. hxg3 Rxg3+ 33. Kh2 Qd8 0-1